Neonatologické zvesti

Bibliographic Details
Format: Journal
Language:Slovak
Czech
English
PhysicalDescription:14 zv. 30 cm
Published: Nové Zámky NNPS 1997-2010
ISSN:1335-2504
Subjects:

MARC

LEADER 00000cas a2200000 a 4500
001 vtls001481403
003 SK-MaSNL
005 20260228160840.0
008 040908d19972010xo fr|p 0 0b0slo c
022 |a 1335-2504 
035 |a SNK000436700 
035 |a (SVKBB03)vtls000046823 
040 |a SNK  |b slo  |c SNK  |d SVKBB  |d SAVUK  |e AACR2 
041 0 |a slo  |a cze  |a eng 
044 |a xo  |c SK 
072 7 |a 616-053.2  |x Pediatria  |2 konspekt 
080 |a 050  |2 2001 
080 |a 616-053.2  |2 2001 
080 |a 616-053.31  |2 2001 
210 0 |a Neonatol. zvesti  |b (Nové Zámky) 
222 0 |a Neonatologické zvesti  |b (Nové Zámky) 
245 0 0 |a Neonatologické zvesti 
260 |a Nové Zámky  |b NNPS  |c 1997-2010 
300 |a 14 zv.  |c 30 cm 
310 |a 2x ročne 
362 0 |a Roč. 1, č. 1 (1997)-roč. 14, č. 2 (2010) 
500 |a Reg. č.: MK SR 1719/97 
500 |a Evidenčné č. MK SR: EV 3465/09 
515 |a V roku 2006 vyšlo len č. 1 
546 |a Čiast. text aj v čes. a angl. 
650 0 7 |a pediatria  |2 SNKPH  |9 912 
650 0 7 |a novorodenci  |2 SNKPH  |9 1225 
650 0 7 |a neonatológia  |2 SNKPH  |9 13410 
655 7 |a odborné časopisy  |2 SNKPH  |9 70505 
852 |a Štátna vedecká knižnica v Banskej Bystrici 
910 |a snk 
910 |a savuk 
916 |a 1997-2010 
999 |c 3756  |d 5686 
952 |0 0  |1 0  |4 0  |7 0  |a SNK  |b SNK  |d 2014-10-03  |f 1  |i snkČSP 1972/2001  |l 0  |o snkČSB 5104/2/1998  |p 17A0896654  |r 2026-02-21 19:34:06  |t č. 1-2  |w 2026-02-21  |y PREZ 
952 |0 0  |1 0  |4 0  |7 0  |8 0  |a SNK  |b SNK  |d 2014-10-03  |i snk2014/20505  |l 0  |o snkČSB 5104/13/2009 D1  |p 17A1046784  |r 2026-02-21 19:34:06  |t č. 1-2  |w 2026-02-21  |y PREZ 
952 |0 0  |1 0  |4 0  |7 0  |8 0  |a SNK  |b SNK  |d 2014-10-03  |i snk2014/20506  |l 0  |o snkČSB 5104/14/2010 D1  |p 17A1046785  |r 2026-02-21 19:34:06  |t č. 1-2  |w 2026-02-21  |y PREZ 
952 |0 0  |1 0  |4 0  |7 0  |8 0  |a SNK  |b SNK  |d 2014-10-03  |i snk2014/20508  |l 0  |o snkČSB 5104/7/2003 D1  |p 17A1046786  |r 2026-02-21 19:34:06  |t č. 1-2, neúplné  |w 2026-02-21  |y PREZ  |z chýba č. 2 
952 |0 0  |1 0  |4 0  |7 0  |8 0  |a SNK  |b SNK  |d 2014-10-03  |f 1  |i snk2014/20509  |l 0  |o snkČSB 5104/6/2002  |p 17A1046787  |r 2026-02-21 19:34:06  |t č. 1-2  |w 2026-02-21  |y PREZ 
952 |0 0  |1 0  |4 0  |7 0  |8 0  |a SNK  |b SNK  |d 2014-10-03  |f 1  |i snk2014/20510  |l 0  |o snkČSB 5104/7/2003  |p 17A1046788  |r 2026-02-21 19:34:12  |t č. 1-2  |w 2026-02-21  |y PREZ 
952 |0 0  |1 0  |4 0  |7 0  |8 0  |a SNK  |b SNK  |d 2011-02-17  |f 1  |i snk2011/3502  |l 0  |o snkČSB 5104/10/2006  |p 17A0679286  |r 2026-02-21 20:05:27  |t č. 1  |w 2026-02-21  |y PREZ 
952 |0 0  |1 0  |4 0  |7 0  |8 0  |a SNK  |b SNK  |d 2011-02-17  |f 1  |i snk2011/3503  |l 0  |o snkČSB 5104/11/2007  |p 17A0679287  |r 2026-02-21 20:05:27  |t č. 1-2  |w 2026-02-21  |y PREZ 
952 |0 0  |1 0  |4 0  |7 0  |8 0  |a SNK  |b SNK  |d 2011-02-17  |f 1  |i snk2011/3506  |l 0  |o snkČSB 5104/12/2008  |p 17A0679288  |r 2026-02-21 20:05:27  |t č. 1-2  |w 2026-02-21  |y PREZ 
952 |0 0  |1 0  |4 0  |7 0  |8 0  |a SNK  |b SNK  |d 2011-02-17  |f 1  |i snk2011/3507  |l 0  |o snkČSB 5104/13/2009  |p 17A0679289  |r 2026-02-21 20:05:27  |t č. 1-2  |w 2026-02-21  |y PREZ 
952 |0 0  |1 0  |4 0  |7 0  |8 0  |a SNK  |b SNK  |d 2011-02-17  |f 1  |i snk2011/3509  |l 0  |o snkČSB 5104/14/2010  |p 17A0679290  |r 2026-02-21 20:05:27  |t č. 1-2  |w 2026-02-21  |y PREZ 
952 |0 0  |1 0  |4 0  |7 0  |8 0  |a SNK  |b SNK  |d 2011-03-24  |i snk2011/6880  |l 0  |o snkČSB 5104/10/2006 D1  |p 17A0679298  |r 2026-02-21 20:05:53  |t č. 1  |w 2026-02-21  |y PREZ 
952 |0 0  |1 0  |4 0  |7 0  |8 0  |a SNK  |b SNK  |d 2011-03-24  |i snk2011/6881  |l 0  |o snkČSB 5104/11/2007 D1  |p 17A0679299  |r 2026-02-21 20:05:53  |t č. 1-2  |w 2026-02-21  |y PREZ 
952 |0 0  |1 0  |4 0  |7 0  |8 0  |a SNK  |b SNK  |d 2011-03-24  |i snk2011/6882  |l 0  |o snkČSB 5104/12/2008 D1  |p 17A0679300  |r 2026-02-21 20:05:53  |t č. 1-2  |w 2026-02-21  |y PREZ 
952 |0 0  |1 0  |4 0  |7 0  |8 0  |a SNK  |b SNK  |d 2008-10-07  |f 1  |i snk2008/18825  |l 0  |o snkČSB 5104/4/2000  |p 17A0582526  |r 2026-02-21 20:49:39  |t č. 1-2  |w 2026-02-21  |y PREZ 
952 |0 0  |1 0  |4 0  |7 0  |8 0  |a SNK  |b SNK  |d 2008-10-07  |i snk2008/18826  |l 0  |o snkČSB 5104/4/2000 D1  |p 17A0582527  |r 2026-02-21 20:49:39  |t č. 1-2  |w 2026-02-21  |y PREZ 
952 |0 0  |1 0  |4 0  |7 0  |8 0  |a SNK  |b SNK  |d 2008-10-07  |f 1  |i snk2008/18829  |l 0  |o snkČSB 5104/5/2001  |p 17A0582528  |r 2026-02-21 20:49:39  |t č. 1-2  |w 2026-02-21  |y PREZ 
952 |0 0  |1 0  |4 0  |7 0  |8 0  |a SNK  |b SNK  |d 2008-10-07  |i snk2008/18831  |l 0  |o snkČSB 5104/5/2001 D1  |p 17A0582529  |r 2026-02-21 20:49:39  |t č. 1-2  |w 2026-02-21  |y PREZ 
952 |0 0  |1 0  |4 0  |7 0  |8 0  |a SNK  |b SNK  |d 2008-10-07  |f 1  |i snk2008/18832  |l 0  |o snkČSB 5104/8/2004  |p 17A0582530  |r 2026-02-21 20:49:39  |t č. 1-2  |w 2026-02-21  |y PREZ 
952 |0 0  |1 0  |4 0  |7 0  |8 0  |a SNK  |b SNK  |d 2008-10-07  |i snk2008/18833  |l 0  |o snkČSB 5104/8/2004 D1  |p 17A0582531  |r 2026-02-21 20:49:39  |t č. 1-2  |w 2026-02-21  |y PREZ 
952 |0 0  |1 0  |4 0  |7 0  |8 0  |a SNK  |b SNK  |d 2008-10-07  |f 1  |i snk2008/18834  |l 0  |o snkČSB 5104/9/2005  |p 17A0582532  |r 2026-02-21 20:49:40  |t č. 1-2  |w 2026-02-21  |y PREZ 
952 |0 0  |1 0  |4 0  |7 0  |8 0  |a SNK  |b SNK  |d 2008-10-07  |i snk2008/18835  |l 0  |o snkČSB 5104/9/2005 D1  |p 17A0582533  |r 2026-02-21 20:49:40  |t č. 1-2  |w 2026-02-21  |y PREZ 
952 |0 0  |1 0  |4 0  |7 0  |a SNK  |b SNK  |d 2008-10-30  |i snkČSP 1064/2001  |l 0  |o snkČSB 5104/3/1999 D1  |p 17A0486088  |r 2026-02-21 20:49:57  |t č. 1-2  |w 2026-02-21  |y PREZ 
952 |0 0  |1 0  |4 0  |7 0  |a SNK  |b SNK  |d 2008-10-30  |f 1  |i snkČSP 1061/2001  |l 0  |o snkČSB 5104/1/1997  |p 17A0454995  |r 2026-02-21 20:49:57  |t č. 1-2  |w 2026-02-21  |y PREZ 
952 |0 0  |1 0  |4 0  |7 0  |a SNK  |b SNK  |d 2008-10-30  |l 0  |o snkČSB 5104/1/1997 D1  |p 17A0370074  |r 2026-02-21 20:49:57  |t č. 1-2  |w 2026-02-21  |y PREZ 
952 |0 0  |1 0  |4 0  |7 0  |a SNK  |b SNK  |d 2008-10-30  |f 1  |i snkČSP 1063/2001  |l 0  |o snkČSB 5104/3/1999  |p 17A0400921  |r 2026-02-21 20:49:58  |t č. 1-2  |w 2026-02-21  |y PREZ 
952 |0 0  |1 0  |4 0  |7 0  |a SNK  |b SNK  |d 2008-10-30  |i snkČSP 1973/2001  |l 0  |o snkČSB 5104/2/1998 D1  |p 17A0542626  |r 2026-02-21 20:49:58  |t č. 1-2  |w 2026-02-21  |y PREZ